| 000 | 00436nam a2200169Ia 4500 | ||
|---|---|---|---|
| 008 | 230524s9999 xx 000 0 und d | ||
| 082 |
_a621.382 _bMUT |
||
| 100 | _aR.Muthusubramanian | ||
| 245 | 0 | _aBasic Electrical Electronics and Computer Engineering | |
| 250 | _a2ND | ||
| 260 |
_aNEW DELHI _bTMH _c2001 |
||
| 300 | _aXIV;520 | ||
| 500 | _aQuantity Number: 2 | ||
| 650 | _aElectrical | ||
| 700 | _a A.Salivahanan | ||
| 942 | _cBK | ||
| 999 |
_c30521 _d30521 |
||